LEADER 01037nam a2200241 i 4500 001 000000037996 003 CaOOAMICUS 005 20090527000000.0 008 090527s1974 it u000 u ita u 013 $a8401 040 $aSeMil$bita 100 1 $aCesa-Bianchi, Marcello,$d<1926- >.$0(OLS)http://semarc/name/6601 245 10$aProblemi di psicologia scolastica /$cMarcello Cesa-Bianchi, Palma Bregani. 260 $aBrescia :$bLa Scuola,$c1974. 300 $a187 p., [4] p. di tav. :$bill. ;$c22 cm. 650 4$aPsicologia.$0(OLS)http://semarc/subject/1671 700 1 $aBregani, Palma.$0(OLS)http://semarc/name/9581 773 0 $aCesa-Bianchi, Marcello <1926- >$tPsicologia.$dBrescia : La Scuola, 1974.$g3$w()21417 850 $aSeMil 852 $aSeMil$W1$xVenegono$y1$m2Q IV 225$j4151$B4151$CSeMilBibl$Z2$F4151 $81 961 $aOmaggio: Biblioteca Seminario Masnago 996 $6245$aProblemi di psicologia scolastica$9(OLS)http://semarc/title/53448 996 $6260$aBrescia :$bLa Scuola$9(OLS)http://semarc/publisher/29831 LEADER 00904nam a2200217 i 4500 001 000000044068 003 CaOOAMICUS 005 20121005000000.0 008 121005s1987 it u000 u ita u 013 $a15238 040 $aSeMil$bita 245 10$aSan Rocco :$buna chiesa, la sua storia /$ca cura di Gianni Visconti. 260 $aCuggiono :$bParrocchia di san Giorgio martire,$c1987. 300 $a72 p. :$bill. ;$c23 cm. 650 4$aCuggiono - Chiese - San Rocco.$0(OLS)http://semarc/subject/9437 700 1 $aVisconti, Gianni.$0(OLS)http://semarc/name/21894 850 $aSeMil 852 $aSeMil$W1$xVenegono$y1$m3P V 211$j10223$B10223$CSeMilBibl$Z2$F10223 $81 961 $aOmaggio: Rimoldi mons. Antonio 996 $6245$aSan Rocco :$buna chiesa, la sua storia$9(OLS)http://semarc/title/65002 996 $6260$aCuggiono :$bParrocchia di san Giorgio martire$9(OLS)http://semarc/publisher/40534